Memorias de la Escuela Nacional de Formación Electoral y del Estado Civil (EFEC) 2009-2010 / (Registro nro. 14078)

Detalles MARC
000 -LEADER
fixed length control field 01715nam a22003017a 4500
003 - CONTROL NUMBER IDENTIFIER
control field DO-SdBNP
005 - DATE AND TIME OF LATEST TRANSACTION
control field 20220315102052.0
007 - PHYSICAL DESCRIPTION FIXED FIELD--GENERAL INFORMATION
fixed length control field ta
008 - FIXED-LENGTH DATA ELEMENTS--GENERAL INFORMATION
fixed length control field 210702e2010 dr ac||ery||| 001 u spa d
020 ## - INTERNATIONAL STANDARD BOOK NUMBER
International Standard Book Number 9789945470000
040 ## - CATALOGING SOURCE
Original cataloging agency DO-SdBNPH
Language of cataloging spa
Transcribing agency BPMSU
082 #4 - DEWEY DECIMAL CLASSIFICATION NUMBER
Classification number 324.6097293
Item number R426m, 2009-2010
Edition number 22
110 2# - MAIN ENTRY--CORPORATE NAME
Corporate name or jurisdiction name as entry element República Dominicana.
Subordinate unit Junta Central Electoral.
245 12 - TITLE STATEMENT
Title Memorias de la Escuela Nacional de Formación Electoral y del Estado Civil (EFEC) 2009-2010 /
Statement of responsibility, etc. compilado por Lissette Pamela Santana ; prólogo, Aura Celeste Fernández Rodríguez
246 13 - VARYING FORM OF TITLE
Title proper/short title Memorias 2009-2010
260 ## - PUBLICATION, DISTRIBUTION, ETC. (IMPRINT)
Place of publication, distribution, etc. Santo Domingo :
Name of publisher, distributor, etc. Junta Central Electoral,
Date of publication, distribution, etc. 2010
300 ## - PHYSICAL DESCRIPTION
Extent 448 p. :
Other physical details il., fots.;
Dimensions 25 cm
505 0# - FORMATTED CONTENTS NOTE
Formatted contents note Prólogo.
Miscellaneous information Capítulo I:
Title La EFEC : institución, estrategias y políticas de formación.--
Miscellaneous information Capítulo II:
Title Programas implementados.--
Miscellaneous information Capítulo III:
Title Convenios.--
Miscellaneous information Capítulo IV:
Title Biblioteca.--
Miscellaneous information Capítulo V:
Title Actividades académicas de extensión.--
Miscellaneous information Capítulo VI:
Title Publicaciones.--
Miscellaneous information Capítulo VII:
Title Reporte financiero.--
Miscellaneous information Capítulo VIII:
Title Logros, planes futuros y proyecciones.--
Miscellaneous information Capítulo IX:
Title Discursos.--
Miscellaneous information Capítulo X:
Title Normativa.--
Miscellaneous information Capítulo XI:
Title Agenda institucional.
590 ## - LOCAL NOTE (RLIN)
Local note Inventariado 2022/VM
610 14 - SUBJECT ADDED ENTRY--CORPORATE NAME
Corporate name or jurisdiction name as entry element Escuela Nacional de Formación Electoral y del Estado Civil (República Dominicana)
Form subdivision 2009-2010
-- Informe
651 #4 - SUBJECT ADDED ENTRY--GEOGRAPHIC NAME
Geographic name República Dominicana
General subdivision Política y gobierno
Chronological subdivision 2009-2010
700 1# - ADDED ENTRY--PERSONAL NAME
Personal name Santana , Lissette Pamela ,
Relator term compiladora
700 1# - ADDED ENTRY--PERSONAL NAME
Personal name Fernández Rodríguez, Aura Celeste,
Dates associated with a name 1958-
Relator term prólogo
700 #2 - ADDED ENTRY--PERSONAL NAME
Personal name Paulino, Nurys
Relator term edición
710 2# - ADDED ENTRY--CORPORATE NAME
Corporate name or jurisdiction name as entry element Junta Central Electoral (República Dominicana)
910 ## - USER-OPTION DATA (OCLC)
User-option data VMateo V.
942 ## - ADDED ENTRY ELEMENTS (KOHA)
Source of classification or shelving scheme Dewey Decimal Classification
Koha item type Libros
Existencias
Withdrawn status Lost status Source of classification or shelving scheme Damaged status Not for loan Collection code Home library Current library Date acquired Total Checkouts Full call number Barcode Date last seen Price effective from Koha item type
    Dewey Decimal Classification     Colección Dominicana Biblioteca Pública Metropolitana Salomé Ureña Biblioteca Pública Metropolitana Salomé Ureña 03/15/2022   BPMSU CD 324.6097293 R426m, 2009-2010 BPMSU22030039 03/15/2022 03/15/2022 Libros